000
00309nam a22001337a 4500
008
190304b xxu||||| |||| 00| 0 eng d
020
_a
2801881528526
041
_a
eng
080
_2
11th
_a
615.83
100
_a
7
101
_a
EGZ
245
_a
History and Physical Examination
_c
Chan,P.D
942
_2
udc
_c
BK
999
_c
54429
_d
54429